| 000 | 00692cam a2200205 4500 | ||
|---|---|---|---|
| 001 | D1855 | ||
| 008 | 090401t1985 xxu||||| |||| 00| 0 eng d | ||
| 035 | _a(Sirsi) u66226 | ||
| 041 | _aeng | ||
| 050 | _a690.24 | ||
| 110 |
_aBuilding Maintenance Cost Information Service _91702 |
||
| 245 | _aProperty occupancy cost analyses. | ||
| 260 |
_aKingston upon Thames _bBMCIS _c1985 |
||
| 300 | _a85p. 30cm | ||
| 350 | _a0 | ||
| 490 |
_aAnnual Paper: _v: 139 |
||
| 520 | _aThis item is part of a subscription service and cannot be photocopied, neither can any part of it be read out over the phone. Please contact BMI direct on 0171-222-7000 for details. | ||
| 942 | _n0 | ||
| 948 | _c04/03/1997 | ||
| 999 |
_c94832 _d94832 |
||